| 000 | 01088cad a22002055a 4500 | ||
|---|---|---|---|
| 001 | L152389 | ||
| 008 | 110301s2011 xxk f 000 0 eng d | ||
| 035 | _a(Sirsi) u152389 | ||
| 041 | 0 | _aeng | |
| 110 | 2 |
_aConsumer Focus _95920 |
|
| 245 | 0 | 0 |
_aRoom for improvement _bthe impact of EPCs on consumer decision-making _h[electronic resource] |
| 260 |
_aLondon _bConsumer Focus _c2011 |
||
| 520 | _aHow information on energy efficiency informs consumer actions in the property market. Highlights two common concerns of the energy industry; that EPC's possibly have little impact and the failure of estate agents and other property professionals to comply with regulations that require energy performance certificates to be provided to prospective buyers and tenants. | ||
| 590 | _aKA NTK | ||
| 651 | 4 | _aUnited Kingdom | |
| 690 | _aENVIRONMENTAL AND LAND CONSULTANCY-ENERGY-ENERGY USE-ENERGY EFFICIENCY | ||
| 700 | 1 | _aLaine, Liz | |
| 856 | 4 | 0 |
_uhttps://www.consumerfocus.org.uk/files/2011/02/Room-for-improvement.pdf _zView the item free of charge at www.consumerfocus.org.uk |
| 942 | _n0 | ||
| 999 |
_c112032 _d112032 |
||